|
|
|
|
| LEADER |
02017nam a2200445 i 4500 |
| 001 |
EBC5574802 |
| 003 |
MiAaPQ |
| 005 |
20200520144314.0 |
| 006 |
m o d | |
| 007 |
cr cnu|||||||| |
| 008 |
190115s2018 gw ob 001 0 ger d |
| 020 |
|
|
|z 9783110595666
|
| 020 |
|
|
|a 9783110594379 (e-book)
|
| 020 |
|
|
|a 9783110598537 (e-book)
|
| 035 |
|
|
|a (MiAaPQ)EBC5574802
|
| 035 |
|
|
|a (Au-PeEL)EBL5574802
|
| 035 |
|
|
|a (OCoLC)1066187659
|
| 040 |
|
|
|a MiAaPQ
|b eng
|e rda
|e pn
|c MiAaPQ
|d MiAaPQ
|
| 043 |
|
|
|a e------
|
| 050 |
|
4 |
|a JX1635
|b .D575 2018
|
| 082 |
0 |
|
|a 327.209
|2 23
|
| 245 |
0 |
0 |
|a Diplomatische Wissenskulturen der Fruehen Neuzeit :
|b Erfahrungsraeume und orte der Wissensproduktion /
|c Guido Braun ; [edited by] Guido Braun.
|
| 250 |
|
|
|a First edition.
|
| 264 |
|
1 |
|a Berlin ;
|a Boston :
|b De Gruyter,
|c 2018.
|
| 300 |
|
|
|a 1 online resource (xli, 306 pages).
|
| 336 |
|
|
|a text
|b txt
|2 rdacontent
|
| 337 |
|
|
|a computer
|b c
|2 rdamedia
|
| 338 |
|
|
|a online resource
|b cr
|2 rdacarrier
|
| 490 |
1 |
|
|a Bibliothek des Deutschen historischen Instituts in Rom ;
|v Band 136
|
| 504 |
|
|
|a Includes bibliographical references and index.
|
| 588 |
|
|
|a Description based on print version record.
|
| 590 |
|
|
|a Electronic reproduction. Ann Arbor, MI : ProQuest, 2018. Available via World Wide Web. Access may be limited to ProQuest affiliated libraries.
|
| 650 |
|
0 |
|a Diplomacy
|x History.
|
| 651 |
|
0 |
|a Europe
|x Foreign relations.
|
| 655 |
|
4 |
|a Electronic books.
|
| 700 |
1 |
|
|a Braun, Guido,
|d 1970-
|e editor.
|
| 776 |
0 |
8 |
|i Print version:
|t Diplomatische Wissenskulturen der Fruhen Neuzeit : Erfahrungsraume und Orte der Wissensproduktion.
|d Berlin ; Boston : De Gruyter, c2018
|h xli, 306 pages
|k Bibliothek des Deutschen Historischen Instituts in Rom ; Band 136.
|z 9783110595666
|w (DLC) 2018959334
|
| 797 |
2 |
|
|a ProQuest (Firm)
|
| 830 |
|
0 |
|a Bibliothek des Deutschen Historischen Instituts in Rom ;
|v Band 136.
|
| 856 |
4 |
0 |
|u https://ebookcentral.proquest.com/lib/matrademy/detail.action?docID=5574802
|z Click to View
|